书目信息 |
| 题名: |
见证奥林匹克
|
|
| 作者: | 汤铭新 , 冯贵家 , 张兵 主编 | |
| 分册: | ||
| 出版信息: | 北京 新华出版社 2007.12 |
|
| 页数: | 300页 | |
| 开本: | 23cm | |
| 丛书名: | 新中国外交亲历丛书 | |
| 单 册: | ||
| 中图分类: | K825.47 | |
| 科图分类: | ||
| 主题词: | 夏季奥运会--xia ji ao yun hui--申请--中国--史料 | |
| 电子资源: | ||
| ISBN: | 978-7-5011-8210-7 | |
| 000 | 01025nam 2200277 450 | |
| 001 | 012008554773 | |
| 005 | 20080524180250.40 | |
| 010 | @a978-7-5011-8210-7@dCNY35.00 | |
| 100 | @a20080524d2007 em y0chiy0120 ea | |
| 101 | 0 | @achi |
| 102 | @aCN@b110000 | |
| 105 | @aa z 000yy | |
| 106 | @ar | |
| 200 | 1 | @a见证奥林匹克@Ajian zheng ao lin pi ke@f汤铭新, 冯贵家, 张兵主编@Ftang ming xin,feng gui jia,zhang bing zhu bian |
| 210 | @a北京@c新华出版社@d2007.12 | |
| 215 | @a300页@c图@d23cm | |
| 225 | 2 | @a新中国外交亲历丛书@Axin zhong guo wai jiao qin li cong shu |
| 330 | @a本书为新中国外交亲历丛书的又一部力作,围绕奥林匹克五环光芒辉耀中华大地的灿烂画卷,从一个侧面展现了新中国外交的多姿多彩。 | |
| 410 | 0 | @12001 @a新中国外交亲历丛书 |
| 606 | 0 | @a夏季奥运会@Axia ji ao yun hui@x申请@y中国@j史料 |
| 690 | @aK825.47@v4 | |
| 701 | 0 | @a汤铭新@Atang ming xin@4主编 |
| 701 | 0 | @a冯贵家@Afeng gui jia@4主编 |
| 701 | 0 | @a张兵@Azhang bing@4主编 |
| 801 | 0 | @aCN@bQSSK@c20080524 |
| 905 | @b713617-19@dK825.47@eT197@f3 | |
| 见证奥林匹克/汤铭新, 冯贵家, 张兵主编.-北京:新华出版社,2007.12 |
| 300页:图;23cm.-(新中国外交亲历丛书) |
| ISBN 978-7-5011-8210-7:CNY35.00 |
| 本书为新中国外交亲历丛书的又一部力作,围绕奥林匹克五环光芒辉耀中华大地的灿烂画卷,从一个侧面展现了新中国外交的多姿多彩。 |
| ● |
| 相关链接 |
|
|
|
正题名:见证奥林匹克
索取号:K825.47/T197
 
预约/预借
| 序号 | 登录号 | 条形码 | 馆藏地/架位号 | 状态 | 备注 |
| 1 | 713617 | 207136179 | 社科库309/309社科库 50排7列1层/ [索取号:K825.47/T197] | 在馆 | |
| 2 | 713618 | 207136188 | 社科库309/309社科库 50排7列1层/ [索取号:K825.47/T197] | 在馆 | |
| 3 | 713619 | 207136197 | 社科库309/309社科库 50排7列1层/ [索取号:K825.47/T197] | 在馆 |